[Event "Madrid San Viator op-B 27th"]
[Site "Madrid"]
[Date "2016.11.20"]
[Round "9"]
[White "Guillo Sanchez Galiano, Ernesto"]
[Black "Berlana San Segundo, Miguel"]
[Result "1-0"]
[WhiteElo "1202"]
[BlackElo "1440"]
[PlyCount "57"]
[EventDate "2016.09.25"]
[EventType "swiss"]
[EventRounds "9"]
[EventCountry "ESP"]
[SourceTitle "EXT 2019"]
[Source "ChessBase"]
[SourceDate "2018.10.10"]
[SourceVersion "1"]
[SourceVersionDate "2018.10.10"]
[SourceQuality "1"]

1. d4 d6 2. Bf4 Nf6 3. Nf3 g6 4. h3 Bg7 5. e3 0-0 6. c3 Bf5 7. Be2 Nbd7 8. Nbd2 c5 9. Qb3 Rb8 10. g4 Be6 11. Qc2 Bd5 12. g5 Nh5 13. Bh2 cxd4 14. exd4 e5 15. Rg1 Rc8 16. Ne4 Qb6 17. dxe5 dxe5 18. Rd1 Rfd8 19. Rxd5 Qe6 20. Qb3 Rc7 21. Nxe5 Bxe5 22. Bxe5 Rcc8 23. Bxh5 gxh5 24. Nf6+ Nxf6 25. Rxd8+ Rxd8 26. Qxe6 fxe6 27. gxf6+ Kf8 28. Rg7 Rd5 29. f4 1-0

[Event "Madrid San Viator op-B 27th"]
[Site "Madrid"]
[Date "2016.11.13"]
[Round "8"]
[White "Berlana San Segundo, Miguel"]
[Black "Garcia Lozano, Javier"]
[Result "0-1"]
[WhiteElo "1440"]
[BlackElo "1359"]
[PlyCount "66"]
[EventDate "2016.09.25"]
[EventType "swiss"]
[EventRounds "9"]
[EventCountry "ESP"]
[SourceTitle "EXT 2019"]
[Source "ChessBase"]
[SourceDate "2018.10.10"]
[SourceVersion "1"]
[SourceVersionDate "2018.10.10"]
[SourceQuality "1"]

1. e4 e5 2. Nf3 Nc6 3. Bc4 Nf6 4. Nc3 Bc5 5. d3 d6 6. Bg5 h6 7. Bh4 Bg4 8. h3 Bh5 9. Nd5 g5 10. Bg3 Nd4 11. c3 Nxf3+ 12. gxf3 Nxd5 13. Bxd5 c6 14. Bc4 Qf6 15. Qd2 Bxf3 16. Rh2 0-0-0 17. b4 Bb6 18. h4 g4 19. h5 Qg7 20. a4 d5 21. exd5 cxd5 22. Bb5 a6 23. a5 Ba7 24. Ba4 f5 25. Rc1 f4 26. Bh4 Rd6 27. d4 g3 28. fxg3 fxg3 29. Rh3 g2 30. Kf2 Rf8 31. Rxf3 e4 32. Rxf8+ Qxf8+ 33. Ke3 Qf3# 0-1

[Event "Madrid San Viator op-B 27th"]
[Site "Madrid"]
[Date "2016.10.12"]
[Round "4"]
[White "Berlana San Segundo, Miguel"]
[Black "Fernandez Garcia, Emilio"]
[Result "0-1"]
[WhiteElo "1440"]
[BlackElo "1614"]
[PlyCount "90"]
[EventDate "2016.09.25"]
[EventType "swiss"]
[EventRounds "9"]
[EventCountry "ESP"]
[SourceTitle "EXT 2017"]
[Source "ChessBase"]
[SourceDate "2016.10.25"]
[SourceVersion "1"]
[SourceVersionDate "2016.10.25"]
[SourceQuality "1"]

1. e4 c6 2. d4 d5 3. exd5 cxd5 4. Nf3 Nf6 5. Nc3 e6 6. Bf4 Bb4 7. Bd2 Nc6 8. a3 Be7 9. Bf4 a6 10. Bd3 0-0 11. 0-0 b5 12. Qe2 Bb7 13. Be5 h6 14. Bf4 Nh7 15. Ne5 Nxd4 16. Qe3 Nf5 17. Bxf5 exf5 18. Qh3 d4 19. Ne2 Be4 20. Rac1 Rc8 21. Qb3 Ng5 22. Rfd1 Ne6 23. Bg3 Bg5 24. f4 Be7 25. Bf2 Qc7 26. Rd2 Bc5 27. Kh1 Qb7 28. Rg1 Rfd8 29. Nd3 Bb6 30. Bh4 Rd7 31. Bf2 Rdc7 32. Ng3 g6 33. Ne1 Ba5 34. Nxe4 fxe4 35. Rd1 e3 36. Bg3 Bxe1 37. Rgxe1 Rxc2 38. Rg1 Qe4 39. a4 Nxf4 40. Bxf4 Qxf4 41. Rgf1 Rf2 42. Qd3 Rcc2 43. axb5 e2 44. Rxf2 Qxf2 45. Qxc2 Qf1+ 0-1

[Event "Madrid San Viator op-B 27th"]
[Site "Madrid"]
[Date "2016.10.09"]
[Round "3"]
[White "Lavado Pena, David"]
[Black "Berlana San Segundo, Miguel"]
[Result "0-1"]
[WhiteElo "1026"]
[BlackElo "1440"]
[PlyCount "120"]
[EventDate "2016.09.25"]
[EventType "swiss"]
[EventRounds "9"]
[EventCountry "ESP"]
[SourceTitle "EXT 2017"]
[Source "ChessBase"]
[SourceDate "2016.10.25"]
[SourceVersion "1"]
[SourceVersionDate "2016.10.25"]
[SourceQuality "1"]

1. c4 e5 2. Nc3 Nf6 3. g3 d5 4. cxd5 Nxd5 5. Bg2 c6 6. e3 Be6 7. Nge2 Bg4 8. h3 Bh5 9. Nxd5 cxd5 10. 0-0 Nc6 11. d4 e4 12. a3 Bd6 13. Qd2 Qa5 14. b4 Bxb4 15. axb4 Qxa1 16. Bb2 Qa4 17. Bc3 Qb5 18. Nf4 Bf3 19. Ra1 g5 20. Bf1 Qb6 21. Nxd5 Qd8 22. Nf6+ Qxf6 23. d5 Qd6 24. Bxh8 Ne7 25. Bc3 Qxd5 26. Qxd5 Nxd5 27. Bd2 a6 28. b5 a5 29. Rxa5 Rxa5 30. Bxa5 f5 31. Kh2 Ke7 32. Kg1 h5 33. Kh2 Ke6 34. Kg1 Ke5 35. Kh2 Nf6 36. Bc3+ Ke6 37. Bxf6 Kxf6 38. Kg1 b6 39. Kh2 Ke5 40. Kg1 f4 41. Bc4 Bd1 42. Kf1 f3 43. Bf7 Be2+ 44. Ke1 h4 45. g4 Bxb5 46. Bb3 Bd3 47. Ba4 b5 48. Bb3 Bc4 49. Bxc4 bxc4 50. Kd2 Kd5 51. Kc2 Kc6 52. Kc3 Kc5 53. Kc2 Kb4 54. Kb2 c3+ 55. Kc2 Kc4 56. Kc1 Kd3 57. Kd1 c2+ 58. Kc1 Ke2 59. Kxc2 Kxf2 60. Kd2 Kg2 0-1

[Event "Madrid San Viator op-B 25th"]
[Site "Madrid"]
[Date "2015.10.25"]
[Round "5"]
[White "Berlana San Segundo, Miguel"]
[Black "Perez Perez, Marta"]
[Result "1-0"]
[WhiteElo "1527"]
[BlackElo "1338"]
[PlyCount "109"]
[EventDate "2015.10.04"]
[EventType "swiss"]
[EventRounds "9"]
[EventCountry "ESP"]
[SourceTitle "EXT 2019"]
[Source "ChessBase"]
[SourceDate "2018.10.10"]
[SourceVersion "1"]
[SourceVersionDate "2018.10.10"]
[SourceQuality "1"]

1. e4 e5 2. Nf3 Nc6 3. Bc4 Bc5 4. Nc3 Nf6 5. d3 h6 6. 0-0 d6 7. h3 0-0 8. a3 a6 9. Qe2 Re8 10. Rd1 Ba7 11. Be3 Be6 12. Nd5 Bxd5 13. Bxd5 Nxd5 14. exd5 Nd4 15. Bxd4 Bxd4 16. Nxd4 exd4 17. Qg4 Qf6 18. Re1 Re5 19. Re4 Rxd5 20. Qd7 Qd8 21. Qxd8+ Rxd8 22. Re7 Rc8 23. Rae1 Kf8 24. f4 Rc5 25. R7e2 Rf5 26. g3 Rf6 27. Kf2 Re6 28. Rxe6 fxe6 29. Rxe6 Re8 30. Rxe8+ Kxe8 31. Kf3 d5 32. f5 Kf7 33. Kf4 Kf6 34. g4 c5 35. a4 b5 36. axb5 axb5 37. b3 c4 38. b4 cxd3 39. cxd3 g6 40. fxg6 Kxg6 41. h4 Kf6 42. g5+ hxg5+ 43. hxg5+ Kg6 44. Ke5 Kxg5 45. Kxd5 Kf6 46. Kxd4 Ke7 47. Kc5 Kd7 48. Kxb5 Kc7 49. Kc5 Kb7 50. b5 Kc7 51. b6+ Kb7 52. d4 Kb8 53. Kc6 Kc8 54. b7+ Kb8 55. d5 1-0